000 01149nam a2200385 a 4500
003 AR-BaBNM
005 20251128210936.0
008 082120s2002 ||||||||||||||000 | spa||
020 _a959-13-0500-1
040 _cAR-BaBNM
100 1 _aDouglass, Harl R.
245 0 0 _aOrganización escolar moderna
260 _aMadrid
_bMagisterio Español
_c1968
300 _a106 p.
_btablas
490 0 _aCiencias de la educación
500 _aContiene referencias bibliográficas e índice alfabético de materias
650 4 _aORGANIZACION ESCOLAR
650 4 _aPLAN DE ESTUDIOS
650 4 _aPROGRAMAS DE EDUCACION
650 4 _aDISCIPLINA ESCOLAR
650 4 _aEDUCACION FISICA
650 4 _aBIBLIOTECAS ESCOLARES
650 4 _aEDIFICIOS
650 4 _aRELACION ESCUELA-COMUNIDAD
650 4 _aRENDIMIENTO DEL ALUMNO
650 4 _aREGISTROS DE ALUMNOS
650 4 _aSELECCION DE DOCENTES
653 _aGESTION INSTITUCIONAL
653 _aORIENTACION EDUCATIVA
653 _aEDUCACION PARA LA SALUD
653 _aORGANIZACION DEL TIEMPO ESCOLAR
800 1 _aRedondo, Emilio
_edirector
942 _cBK
998 _cRAQUEL
999 _c17564
_d17564